Changing pattern of social stratification in Bangladesh village (Record no. 11453)
[ view plain ]
| 000 -LEADER | |
|---|---|
| fixed length control field | 00568nam a2200181Ia 4500 |
| 082 ## - DEWEY DECIMAL CLASSIFICATION NUMBER | |
| Classification number | TS.0179 |
| 100 ## - MAIN ENTRY--AUTHOR NAME | |
| Personal name | Sharfuddin Ahmed, A.B. |
| 245 #0 - TITLE STATEMENT | |
| Title | Changing pattern of social stratification in Bangladesh village |
| 260 ## - PUBLICATION, DISTRIBUTION, ETC. (IMPRINT) | |
| Year of publication | 1979 |
| Name of publisher | University of Bombay |
| 300 ## - PHYSICAL DESCRIPTION | |
| Number of Pages | 422p. + C D - 57 |
| 650 ## - SUBJECT ADDED ENTRY--TOPICAL TERM | |
| Topical Term | CLASSES, SOCIAL//SOCIAL CLASSES |
| 650 ## - SUBJECT ADDED ENTRY--TOPICAL TERM | |
| Topical Term | SOCIAL CLASSES - BANGLADESH |
| 650 ## - SUBJECT ADDED ENTRY--TOPICAL TERM | |
| Topical Term | CLASS DISTINCTION//SOCIAL CLASSES |
| 650 ## - SUBJECT ADDED ENTRY--TOPICAL TERM | |
| Topical Term | BANGLADESH - RURAL CONDITIONS |
| 650 ## - SUBJECT ADDED ENTRY--TOPICAL TERM | |
| Topical Term | SOCIAL STRATIFICATION//SOCIAL CLASSES |
| 710 ## - ADDED ENTRY--CORPORATE NAME | |
| Corporate name or jurisdiction name as entry element | Narain, D. |
| 942 ## - ADDED ENTRY ELEMENTS (KOHA) | |
| Koha item type | Thesis |
| Source of classification or shelving scheme | Dewey Decimal Classification |
| Withdrawn status | Lost status | Damaged status | Not for loan | Home library | Current library | Date acquired | Full call number | Accession Number | Price effective from | Koha item type |
|---|---|---|---|---|---|---|---|---|---|---|
| NASSDOC Library | NASSDOC Library | 08/10/2004 | TS.0179 | 14336 | 18/04/2019 | Thesis |
